| 000 | 00664nam a2200217Ia 4500 | ||
|---|---|---|---|
| 003 | GCL | ||
| 008 | 140319s9999 xx 000 0 ara d | ||
| 040 |
_aGCL / _cGCL |
||
| 082 | 0 | 4 |
_a658.8 _bى ت |
| 100 | 1 | _aيحيى سعيد على عيد | |
| 245 | 1 | 0 |
_aالتسويق الدولى والمصدر الناجح / _cيحيى سعيد على عيد |
| 300 | _a394 ص | ||
| 490 |
_aالهيئة العامة للاستعلامات _v0 |
||
| 650 | 0 | 4 | _aادارة الاعمال |
| 650 | 0 | 4 | _aالتسويق |
| 650 | 0 | 4 | _aالاستيراد |
| 650 | 0 | 4 | _aالتصدير |
| 650 | 0 | 4 | _aالتسويق الدولى |
| 650 | 0 | 4 | _aالتصحر |
| 942 |
_2ddc _cBK |
||
| 999 |
_c48468 _d48468 |
||